000 00313nam a2200133Ia 4500
008 150201s2007 xx 000 0 und d
082 _a615
_bQ09W
100 _aWHO
245 _aQUALITY ASSURANCE OF PHARMACEUTICALS
250 _a1ST
260 _bAITBS
_aDELHI
_c2007
650 _aPHARMACOLOGY
942 _2ddc
_cBK
999 _c1157
_d1157